| 000 | 00759nam a2200277Ia 4500 | ||
|---|---|---|---|
| 001 | Para_2225 | ||
| 003 | CHAP | ||
| 008 | 220125s1990 xx 000 0 und d | ||
| 010 | _a200808 | ||
| 040 | _cCHAP | ||
| 082 | _aPA 634.11 L3 | ||
| 100 |
_aLalatta, Filippo _964522 |
||
| 245 |
_aEl cultivo moderno del manzano / _c por Filippo Lalatta |
||
| 260 |
_aBarcelona, EspaƱa : _b De Vecchi |
||
| 300 | _a127 p. | ||
| 650 |
_aManzana _x plagas _970792 |
||
| 650 |
_aManzana _x rendimiento _970802 |
||
| 650 |
_aManzana _x temperatura, efecto en _9165656 |
||
| 901 | _aPA 634.11 L3 | ||
| 902 | _aA | ||
| 905 | _a0000001990 a 0000000000 00 | ||
| 910 | _a1990 | ||
| 942 | _cPARA | ||
| 942 |
_cPARA _d1 |
||
| 999 |
_c200808 _d200808 |
||